[Event "Tatry Open 2014"]
[Site "Tatranske Zruby SVK"]
[Date "2014.10.05"]
[Round "9.14"]
[White "Obona, J."]
[Black "Veleski, R."]
[Result "0-1"]
[WhiteElo "2166"]
[BlackElo "2284"]
[PlyCount "70"]
[EventDate "2014.09.28"]

1. Nf3 d5 2. c4 e6 3. g3 c5 4. Bg2 Nc6 5. cxd5 exd5 6. d4 Nf6 7. O-O Be7 8. Nc3
O-O 9. Bf4 a6 10. Rc1 c4 11. Ne5 Be6 12. Nxc6 bxc6 13. b3 Ba3 14. bxc4 Bxc1 15.
Bxc1 Qa5 16. Bd2 Qa3 17. Qc2 Rab8 18. Bc1 Qb4 19. Bf4 Qb2 20. Rc1 Qxc2 21. Rxc2
Rb7 22. h3 Re8 23. e3 Rb4 24. Bd6 Rb7 25. Bf4 h6 26. g4 Rd8 27. cxd5 cxd5 28.
Na4 Rc8 29. Nc5 Rb1+ 30. Kh2 Ne4 31. Bxe4 dxe4 32. Rd2 Bd5 33. f3 exf3 34. e4
Bc4 35. Be3 Re1 0-1

[Event "Tatry Open 2014"]
[Site "Tatranske Zruby SVK"]
[Date "2014.10.05"]
[Round "9.15"]
[White "Sikorova, O."]
[Black "Andras, T."]
[Result "1-0"]
[WhiteElo "2282"]
[BlackElo "2106"]
[PlyCount "133"]
[EventDate "2014.09.28"]

1. e4 e5 2. Bc4 Nf6 3. d3 c6 4. Nf3 d5 5. Bb3 Bd6 6. Nc3 d4 7. Ne2 h6 8. O-O
Bg4 9. Ng3 Nbd7 10. h3 Bxf3 11. Qxf3 g6 12. a3 Qe7 13. c3 c5 14. Qe2 O-O-O 15.
Bd2 h5 16. cxd4 cxd4 17. Bg5 h4 18. Qc2+ Kb8 19. Ne2 Rh5 20. f4 Rf8 21. Qd2
Rxg5 22. fxg5 Nh7 23. Rf2 Nxg5 24. Raf1 f6 25. Bd5 Nb6 26. Ba2 f5 27. Kh1 f4
28. Ng1 Nd7 29. Nf3 Nxf3 30. gxf3 Nf6 31. Rg1 g5 32. Rc1 Qd7 33. Kh2 Be7 34.
Qd1 g4 35. fxg4 Nh7 36. Qb3 Ng5 37. Qd5 Bd6 38. Bb3 Qe7 39. Rcf1 f3 40. Qa5 Bc7
41. Qd2 Rf4 42. Rc1 Qf8 43. Bd5 Bd6 44. Qc2 Qd8 45. Qb3 Qd7 46. Bxb7 Qxb7 47.
Qg8+ Rf8 48. Qxg5 Qf7 49. Rcf1 Qb3 50. Qd2 Rc8 51. Qd1 Qxd1 52. Rxd1 Be7 53.
Rdf1 Bg5 54. Rxf3 Bf4+ 55. Kg2 Kb7 56. Rxf4 exf4 57. Rxf4 Rc1 58. e5 Kc6 59.
Rxd4 Rc2+ 60. Kf3 Rh2 61. e6 Rxh3+ 62. Kf4 Rh1 63. e7 Rf1+ 64. Kg5 Re1 65. Re4
Rxe4 66. dxe4 Kd7 67. Kxh4 1-0

[Event "Tatry Open 2014"]
[Site "Tatranske Zruby SVK"]
[Date "2014.10.05"]
[Round "9.16"]
[White "Konak, J."]
[Black "Prandstetter, E."]
[Result "1/2-1/2"]
[WhiteElo "2132"]
[BlackElo "2273"]
[PlyCount "35"]
[EventDate "2014.09.28"]

1. d4 Nf6 2. c4 e6 3. Nc3 d5 4. cxd5 exd5 5. Bg5 Be7 6. e3 c6 7. Bd3 Be6 8.
Nge2 Nh5 9. Bxe7 Qxe7 10. Qc2 g6 11. O-O O-O 12. Rae1 f5 13. Nf4 Nxf4 14. exf4
Qf7 15. Re3 Nd7 16. Rfe1 Rfe8 17. Na4 Qf6 18. Nc5 1/2-1/2

[Event "Tatry Open 2014"]
[Site "Tatranske Zruby SVK"]
[Date "2014.10.05"]
[Round "9.17"]
[White "Frink, F."]
[Black "Najgebauer, S."]
[Result "1/2-1/2"]
[WhiteElo "2066"]
[BlackElo "2273"]
[PlyCount "108"]
[EventDate "2014.09.28"]

1. e4 c5 2. b4 b6 3. bxc5 bxc5 4. Nc3 Nc6 5. Rb1 g6 6. Bc4 Bg7 7. Nge2 Nf6 8.
d3 O-O 9. O-O d6 10. h3 Bd7 11. Be3 Qc8 12. Qd2 Ne5 13. Bd5 Bxh3 14. f3 Nxd5
15. Nxd5 Qd7 16. gxh3 Qxh3 17. Nxe7+ Kh8 18. Nf4 Nxf3+ 19. Rxf3 Qxf3 20. Rf1
Qg3+ 21. Ng2 Rae8 22. Nd5 f5 23. Bf4 Bd4+ 24. Nde3 Bxe3+ 25. Bxe3 Qe5 26. d4
Qxe4 27. dxc5 d5 28. Bh6 Rg8 29. Rf4 Qe5 30. Rd4 Qe2 31. Qc3 Qe5 32. Qd3 Rd8
33. Qd2 g5 34. c4 Qf6 35. Rxd5 Rxd5 36. cxd5 f4 37. d6 Rg6 38. d7 Rg8 39. Qd6
Qxd6 40. cxd6 Rd8 41. Bxg5 Rxd7 42. Bxf4 Kg7 43. Kf2 Kf7 44. Ne1 Ke6 45. Ke3
Kd5 46. Nd3 h5 47. Nb4+ Ke6 48. Ke4 h4 49. Nc6 Rxd6 50. Bxd6 Kxd6 51. Nxa7 Kc5
52. a3 Kc4 53. Kf3 Kb3 54. Nb5 Ka4 1/2-1/2

[Event "Tatry Open 2014"]
[Site "Tatranske Zruby SVK"]
[Date "2014.10.05"]
[Round "9.18"]
[White "Certek, P."]
[Black "Tropp, F."]
[Result "1-0"]
[WhiteElo "2267"]
[BlackElo "2101"]
[PlyCount "171"]
[EventDate "2014.09.28"]

1. d4 Nf6 2. c4 e6 3. Nc3 d5 4. Bg5 Be7 5. e3 c6 6. Nf3 Nbd7 7. Qc2 O-O 8. Rd1
dxc4 9. Bxc4 Nd5 10. Bxe7 Qxe7 11. O-O Nxc3 12. Qxc3 c5 13. Bb5 cxd4 14. Qxd4
Nf6 15. Ne5 a6 16. Be2 b5 17. Nc6 Qc7 18. Rc1 Bb7 19. Bf3 Bxc6 20. Rxc6 Qa7 21.
Qc3 Rad8 22. Qa5 e5 23. Rxa6 Qe7 24. Ra7 Qe6 25. Bd1 e4 26. Bb3 Qe5 27. Rxf7
Kh8 28. h3 Qxb2 29. Rxf8+ Rxf8 30. Qxb5 Qa3 31. Qe5 h6 32. Rd1 Qb4 33. Qd6 Rb8
34. Qxb4 Rxb4 35. Rd4 Rb5 36. Kf1 Kh7 37. Bc2 Rb2 38. Bxe4+ Nxe4 39. Rxe4 Rb1+
40. Ke2 Rb2+ 41. Kf3 Rxa2 42. Re6 Kg8 43. Re7 Kh7 44. g4 Kg6 45. Rb7 Kf6 46. h4
Rc2 47. Rb6+ Kf7 48. Ra6 Rb2 49. Kg3 Rb3 50. g5 hxg5 51. hxg5 g6 52. Kf4 Rb2
53. Ra7+ Kf8 54. f3 Rb5 55. Ra6 Kf7 56. Rf6+ Kg7 57. Re6 Kf7 58. Re5 Rb4+ 59.
e4 Ra4 60. Rd5 Ke7 61. Ke5 Ra6 62. f4 Re6+ 63. Kd4 Ra6 64. Rb5 Rd6+ 65. Ke3 Rd1
66. Rb7+ Kf8 67. Ra7 Rf1 68. Ra6 Kg7 69. Rb6 Rd1 70. Rf6 Rd8 71. e5 Rd1 72. Ke4
Rd2 73. e6 Re2+ 74. Kd5 Rd2+ 75. Ke5 Re2+ 76. Kd6 Rd2+ 77. Ke7 Rf2 78. Rf7+ Kg8
79. Kf6 Rxf4+ 80. Kxg6 Re4 81. Kf5 Re1 82. g6 Rf1+ 83. Ke5 Re1+ 84. Kd5 Rd1+
85. Kc4 Rc1+ 86. Kd3 1-0

[Event "Tatry Open 2014"]
[Site "Tatranske Zruby SVK"]
[Date "2014.10.05"]
[Round "9.20"]
[White "Jossien, R."]
[Black "Dostal, R."]
[Result "1-0"]
[WhiteElo "2262"]
[BlackElo "2078"]
[PlyCount "75"]
[EventDate "2014.09.28"]

1. e4 e6 2. d3 d5 3. Nd2 c5 4. Ngf3 Nf6 5. g3 Nc6 6. Bg2 Be7 7. O-O O-O 8. e5
Nd7 9. Re1 Qc7 10. Qe2 b5 11. Nf1 a5 12. h4 Ba6 13. Bf4 b4 14. Ne3 a4 15. Ng5
h6 16. Nxd5 exd5 17. e6 Qc8 18. exf7+ Kh8 19. Qh5 Nf6 20. Qg6 hxg5 21. hxg5 Qg4
22. Re3 Qh5 23. Qxh5+ Nxh5 24. g6 Rad8 25. Bf3 Nxf4 26. gxf4 Rxf7 27. gxf7 g6
28. Re6 Bb5 29. Rxg6 Kh7 30. Rg4 Nd4 31. Kg2 Nf5 32. Rh1+ Nh6 33. Rg5 Bxg5 34.
fxg5 Kg7 35. gxh6+ Kxf7 36. Bxd5+ Rxd5 37. h7 Rg5+ 38. Kf1 1-0

[Event "Tatry Open 2014"]
[Site "Tatranske Zruby SVK"]
[Date "2014.10.05"]
[Round "9.21"]
[White "Kula, Dominik"]
[Black "Pribyl, Jo"]
[Result "0-1"]
[WhiteElo "1973"]
[BlackElo "2244"]
[PlyCount "70"]
[EventDate "2014.09.28"]

1. e4 d6 2. d4 Nf6 3. Nc3 e5 4. Nf3 Nbd7 5. Bc4 Be7 6. O-O O-O 7. Re1 c6 8. a4
b6 9. b3 a6 10. Bb2 Bb7 11. Bd3 Re8 12. Ne2 Bf8 13. Ng3 g6 14. Qd2 Bg7 15. Rad1
Qc7 16. Bc4 Rad8 17. dxe5 Nxe5 18. Nxe5 dxe5 19. Qc3 Rxd1 20. Rxd1 Rd8 21. Qe1
Rxd1 22. Qxd1 h5 23. f3 b5 24. axb5 cxb5 25. Bd3 Nd7 26. Nf1 Qb6+ 27. Kh1 Nc5
28. Qd2 Nxd3 29. Qxd3 a5 30. Ne3 a4 31. Nd5 Qf2 32. Ne7+ Kh7 33. h3 Qe1+ 34.
Kh2 Bh6 35. Bxe5 Be3 0-1

[Event "Tatry Open 2014"]
[Site "Tatranske Zruby SVK"]
[Date "2014.10.05"]
[Round "9.22"]
[White "Belunek, V."]
[Black "Haring, Filip"]
[Result "1-0"]
[WhiteElo "2226"]
[BlackElo "2078"]
[PlyCount "97"]
[EventDate "2014.09.28"]

1. d4 Nf6 2. Nf3 e6 3. g3 b6 4. Bg2 Bb7 5. O-O Be7 6. c4 O-O 7. Nc3 d5 8. cxd5
exd5 9. Bf4 c6 10. Qc2 Nh5 11. Bd2 f5 12. Rad1 g6 13. Ne5 Nd7 14. f4 Ndf6 15.
Be1 Ng7 16. h3 Nge8 17. g4 Nd6 18. g5 Nh5 19. e3 Ng7 20. h4 Ne6 21. Rf3 Kg7 22.
Rh3 Rh8 23. h5 Rc8 24. Bf3 Qc7 25. Qh2 Qd8 26. hxg6 hxg6 27. Rh6 Qe8 28. Bf2
Ne4 29. Nxe4 dxe4 30. Be2 Nc7 31. Kg2 Bd6 32. Rh1 Bxe5 33. Rh7+ Rxh7 34. Qxh7+
Kf8 35. dxe5 Qf7 36. Qh8+ Ke7 37. Qf6+ Qxf6 38. gxf6+ Kf7 39. Rh7+ Kg8 40. Rg7+
Kh8 41. Bc4 Ba6 42. Rxc7 Rxc7 43. Bxa6 b5 44. e6 Kg8 45. a4 Kf8 46. axb5 c5 47.
b6 axb6 48. Bh4 c4 49. Bb5 1-0

[Event "Tatry Open 2014"]
[Site "Tatranske Zruby SVK"]
[Date "2014.10.05"]
[Round "9.23"]
[White "Jablonicky, F."]
[Black "Michalicka, M."]
[Result "0-1"]
[WhiteElo "2126"]
[BlackElo "2225"]
[PlyCount "74"]
[EventDate "2014.09.28"]

1. e4 c5 2. c4 Nc6 3. Ne2 g6 4. d4 cxd4 5. Nxd4 Bg7 6. Nc2 Nf6 7. Nc3 O-O 8.
Be2 d6 9. Be3 Be6 10. f3 Rc8 11. Qd2 a6 12. Rc1 Nd7 13. O-O Na5 14. b3 b5 15.
Nd4 bxc4 16. Nxe6 fxe6 17. b4 Nb7 18. Nd5 Ne5 19. Nb6 c3 20. Qd1 Rc6 21. f4
Rxb6 22. fxe5 Rxf1+ 23. Bxf1 Rxb4 24. Rxc3 Bxe5 25. Rc4 Qa5 26. Rc8+ Kg7 27.
Qf3 Nd8 28. Qh3 Nf7 29. Re8 Bf6 30. Ra8 Rb1 31. g4 Qxa2 32. Qf3 Qc4 33. Kg2
Rb2+ 34. Kh3 Qc2 35. Qg2 Qc3 36. Qg3 Rb3 37. Bf4 Qc2 0-1

[Event "Tatry Open 2014"]
[Site "Tatranske Zruby SVK"]
[Date "2014.10.05"]
[Round "9.24"]
[White "Ruckschloss, K."]
[Black "Sturc, J."]
[Result "1-0"]
[WhiteElo "2207"]
[BlackElo "2061"]
[PlyCount "87"]
[EventDate "2014.09.28"]

1. c4 Nf6 2. d4 c6 3. Nf3 d5 4. e3 e6 5. Bd3 dxc4 6. Bxc4 b5 7. Bd3 Nbd7 8. O-O
Bb7 9. b3 Bd6 10. Bb2 Qc7 11. Nbd2 O-O 12. Rc1 e5 13. dxe5 Nxe5 14. Bxb5 Rad8
15. Qe2 Rfe8 16. Nxe5 Bxe5 17. Nf3 Bxb2 18. Qxb2 Ne4 19. Nd4 Rd6 20. Nf5 Rf6
21. Ng3 Rh6 22. Rfd1 Nxg3 23. hxg3 Qa5 24. Be2 Qg5 25. Qd4 Rhe6 26. Qxa7 Qe7
27. Rd2 c5 28. Qxc5 Qf6 29. Rcd1 h5 30. Qd4 Re5 31. f4 Rxe3 32. Qxf6 gxf6 33.
Kf2 Bxg2 34. Bxh5 Bh3 35. Rd8 Kg7 36. Rxe8 Rxe8 37. Be2 Be6 38. Rc1 Ra8 39. Rc2
f5 40. Ke3 Kf6 41. Rb2 Bd5 42. Bf3 Re8+ 43. Kf2 Be4 44. Re2 1-0

[Event "Tatry Open 2014"]
[Site "Tatranske Zruby SVK"]
[Date "2014.10.05"]
[Round "9.25"]
[White "Dobrotka, M."]
[Black "Stonawski, I."]
[Result "1-0"]
[WhiteElo "2189"]
[BlackElo "1995"]
[PlyCount "73"]
[EventDate "2014.09.28"]

1. d4 g6 2. Nf3 Bg7 3. c4 d6 4. g3 Nf6 5. Bg2 O-O 6. O-O c6 7. Nc3 Qa5 8. h3
Be6 9. Qd3 Na6 10. b3 Bf5 11. e4 Nxe4 12. Nxe4 d5 13. Qd2 Qb4 14. Qxb4 Nxb4 15.
Nc5 b6 16. g4 Bc8 17. Na4 dxc4 18. Bd2 c5 19. Bxb4 cxb4 20. bxc4 Ba6 21. Rfc1
Rac8 22. Nb2 Rfd8 23. Nd3 Bb7 24. Nxb4 Bxf3 25. Bxf3 Rxd4 26. Nc6 Rd7 27. Rab1
Rdc7 28. c5 bxc5 29. Rxc5 Kf8 30. Rbc1 Bd4 31. R5c4 Bb6 32. a4 a5 33. Kg2 e6
34. Rb1 Ba7 35. Nxa7 Rxc4 36. Nxc8 Rxc8 37. Rb5 1-0

[Event "Tatry Open 2014"]
[Site "Tatranske Zruby SVK"]
[Date "2014.10.05"]
[Round "9.26"]
[White "Kubik, M."]
[Black "Hadzi Manev, L."]
[Result "1-0"]
[WhiteElo "2177"]
[BlackElo "2046"]
[PlyCount "59"]
[EventDate "2014.09.28"]

1. e4 c6 2. d4 d5 3. e5 Bf5 4. Nf3 e6 5. Be2 Nd7 6. O-O Bg6 7. Nbd2 Nh6 8. Nb3
Nf5 9. Bd2 Be7 10. g4 Nh4 11. Nxh4 Bxh4 12. f4 f6 13. exf6 Bxf6 14. g5 Be7 15.
Bg4 Bf5 16. Re1 O-O 17. Rxe6 Bxe6 18. Bxe6+ Kh8 19. Qg4 Nb6 20. Rf1 Nc4 21. Bc1
Bxg5 22. Qxg5 Qxg5+ 23. fxg5 Rxf1+ 24. Kxf1 Rf8+ 25. Kg2 Re8 26. Bg4 b6 27. a4
Re1 28. h3 Kg8 29. Kf2 Rh1 30. Bf3 1-0

[Event "Tatry Open 2014"]
[Site "Tatranske Zruby SVK"]
[Date "2014.10.05"]
[Round "9.27"]
[White "Frindt, K."]
[Black "Pelowski, Zdzislaw"]
[Result "1-0"]
[WhiteElo "2176"]
[BlackElo "1759"]
[PlyCount "101"]
[EventDate "2014.09.28"]

1. e4 c6 2. d4 d5 3. e5 Qb6 4. c3 Bf5 5. g4 Be4 6. f3 Bxb1 7. Rxb1 e6 8. b4 a5
9. Qa4 Be7 10. Bd3 Bh4+ 11. Kf1 Nd7 12. f4 Qc7 13. a3 b5 14. Qc2 Be7 15. f5 a4
16. fxe6 fxe6 17. Bxh7 O-O-O 18. g5 Rf8+ 19. Kg2 Bd8 20. Ne2 Re8 21. Bg6 Re7
22. Rf1 Qa7 23. Rf3 Nb6 24. Nf4 Kb7 25. Qf2 Nc4 26. Nd3 Bb6 27. Ra1 Ka6 28. Ra2
Rd7 29. Bf7 Re7 30. Re2 Qd7 31. Re1 Qc8 32. Qg3 Qd7 33. Bg6 Qc8 34. Qg4 Rc7 35.
Nf4 Ne7 36. Bf7 Nf5 37. Bxe6 Nh4+ 38. Qxh4 Rxh4 39. Bxc8+ Rxc8 40. Kg3 Rch8 41.
h3 Bd8 42. Kg2 Rf8 43. Ne6 Rxf3 44. Kxf3 Rxh3+ 45. Kg4 Rh8 46. Nxg7 Rg8 47. Ne6
Be7 48. Rh1 Nb6 49. Rh7 Nc8 50. Kh5 Bxg5 51. Nc5+ 1-0

[Event "Tatry Open 2014"]
[Site "Tatranske Zruby SVK"]
[Date "2014.10.05"]
[Round "9.28"]
[White "Michenka, J."]
[Black "Haring, V."]
[Result "0-1"]
[WhiteElo "2326"]
[BlackElo "2033"]
[PlyCount "54"]
[EventDate "2014.09.28"]

1. d4 Nf6 2. c4 e6 3. Nc3 Bb4 4. Qc2 O-O 5. a3 Bxc3+ 6. Qxc3 d5 7. Nf3 dxc4 8.
Qxc4 b6 9. g3 Ba6 10. Qc2 Nbd7 11. Bg2 c5 12. O-O Rc8 13. Qd1 Qe7 14. Re1 Bb7
15. Be3 Rfd8 16. Qa4 Nd5 17. Qxa7 Bc6 18. Qa6 c4 19. Ne5 Nxe5 20. Bxd5 exd5 21.
dxe5 d4 22. Bd2 Qc5 23. Bb4 Qd5 24. f3 Rb8 25. Bd6 Rb7 26. e4 dxe3 27. Rxe3 Bb5
0-1

[Event "Tatry Open 2014"]
[Site "Tatranske Zruby SVK"]
[Date "2014.10.05"]
[Round "9.29"]
[White "Hrnciar, R."]
[Black "Szotkowski, J."]
[Result "1/2-1/2"]
[WhiteElo "2039"]
[BlackElo "2262"]
[PlyCount "112"]
[EventDate "2014.09.28"]

1. f4 d5 2. Nf3 g6 3. e3 Bg4 4. Be2 Bg7 5. O-O Nf6 6. Ne5 Bxe2 7. Qxe2 c6 8. b3
O-O 9. Bb2 Nbd7 10. d3 Nxe5 11. Bxe5 Nd7 12. Bxg7 Kxg7 13. Nd2 e5 14. fxe5 Nxe5
15. d4 Nd7 16. e4 dxe4 17. Qxe4 f5 18. Qd3 Nf6 19. Rae1 Re8 20. c4 Qd6 21. c5
Qd5 22. Nc4 Ne4 23. Ne3 Qd7 24. d5 cxd5 25. Qd4+ Nf6 26. Ng4 fxg4 27. Rxe8 Rxe8
28. Rxf6 Re4 29. Rd6+ Rxd4 30. Rxd7+ Kf6 31. Rxb7 Rd1+ 32. Kf2 Rd2+ 33. Kf1
Rxa2 34. Rxh7 Ke5 35. Rg7 Ra6 36. b4 Kd4 37. Rd7 Ke3 38. Re7+ Kd3 39. b5 Rf6+
40. Ke1 Kc4 41. Rxa7 Kxb5 42. Rc7 Rc6 43. Rf7 Kxc5 44. Rf4 d4 45. Rxg4 Kc4 46.
Kd2 Ra6 47. Rg3 Rf6 48. h4 Ra6 49. Kd1 d3 50. Rg5 Kc3 51. Rc5+ Kd4 52. Rg5 Ke4
53. Kd2 Ra2+ 54. Kd1 Ra1+ 55. Kd2 Ra2+ 56. Kd1 Ra1+ 1/2-1/2

[Event "Tatry Open 2014"]
[Site "Tatranske Zruby SVK"]
[Date "2014.10.05"]
[Round "9.30"]
[White "Kotlowski, T."]
[Black "Malik, J."]
[Result "1/2-1/2"]
[WhiteElo "2034"]
[BlackElo "2253"]
[PlyCount "76"]
[EventDate "2014.09.28"]

1. e4 c5 2. Nf3 d6 3. d4 cxd4 4. Nxd4 Nf6 5. f3 e5 6. Nb5 a6 7. N5a3 d5 8. exd5
Nxd5 9. c4 Bb4+ 10. Bd2 Bxd2+ 11. Qxd2 Nf4 12. Qxd8+ Kxd8 13. g3 Ne6 14. Nc3
Nc6 15. O-O-O+ Ned4 16. Nc2 Bd7 17. Nxd4 Nxd4 18. Ne2 Nxe2+ 19. Bxe2 Kc7 20.
Kd2 Bc6 21. Ke3 a5 22. Bd3 a4 23. Be4 Rad8 24. Bxc6 Kxc6 25. b4 axb3 26. axb3
Kc5 27. Ra1 Ra8 28. Kd3 Kb4 29. Kc2 Rhd8 30. Rhd1 Rxd1 31. Rxa8 Rf1 32. Rb8
Rf2+ 33. Kd1 Kxb3 34. Rxb7+ Kxc4 35. Rxf7 e4 36. Ke1 Rxh2 37. Rf4 Kd3 38. Rxe4
g6 1/2-1/2

[Event "Tatry Open 2014"]
[Site "Tatranske Zruby SVK"]
[Date "2014.10.05"]
[Round "9.31"]
[White "Borsos, B."]
[Black "Framberk, J."]
[Result "1-0"]
[WhiteElo "2224"]
[BlackElo "2027"]
[PlyCount "123"]
[EventDate "2014.09.28"]

1. e4 c5 2. c3 g6 3. Nf3 Bg7 4. d4 cxd4 5. cxd4 d5 6. e5 Nc6 7. Bb5 e6 8. Bxc6+
bxc6 9. O-O Nh6 10. Bg5 Qb6 11. Qd2 Nf5 12. Nc3 Rb8 13. b3 h5 14. Na4 Qb4 15.
Rfc1 Qxd2 16. Bxd2 Bd7 17. Bg5 Rb4 18. Rd1 Bf8 19. Bf6 Rg8 20. h4 Be7 21. Rac1
Bd8 22. Bxd8 Kxd8 23. Nc5 Ke7 24. a3 Rb6 25. b4 Ra8 26. Nb3 Bc8 27. Na5 Kd7 28.
g3 Ba6 29. Ng5 Nh6 30. Rd2 Bb5 31. Rc3 Ke7 32. Nh7 Nf5 33. Nf6 Rc8 34. Kg2 Rd8
35. Kf3 Nd6 36. Nxd5+ cxd5 37. exd6+ Kxd6 38. Rc5 f6 39. Ke3 Rd7 40. f4 Rg7 41.
Rh2 Re7 42. Rhc2 Rb8 43. Nc6 Bxc6 44. Rxc6+ Kd7 45. Rc7+ Kd8 46. Rxe7 Kxe7 47.
Rc7+ Kd6 48. Rxa7 Rc8 49. b5 Rc3+ 50. Kd2 Rxg3 51. a4 g5 52. fxg5 fxg5 53. hxg5
h4 54. a5 h3 55. Rh7 Ra3 56. a6 h2 57. Kc2 Ra1 58. g6 h1=Q 59. Rxh1 Rxh1 60. g7
Rg1 61. a7 Ke7 62. a8=Q 1-0

[Event "Tatry Open 2014"]
[Site "Tatranske Zruby SVK"]
[Date "2014.10.05"]
[Round "9.32"]
[White "Sikora, J."]
[Black "Plasil, Petr"]
[Result "1-0"]
[WhiteElo "2211"]
[BlackElo "2015"]
[PlyCount "103"]
[EventDate "2014.09.28"]

1. e4 g6 2. d4 d6 3. f4 c6 4. Bd3 d5 5. e5 h5 6. Nf3 Nh6 7. O-O Bf5 8. Nc3 e6
9. Be3 Bxd3 10. Qxd3 Nf5 11. Bf2 Na6 12. Kh1 Qa5 13. a3 b5 14. Ne2 Be7 15. b4
Qd8 16. c3 Nb8 17. a4 a6 18. axb5 cxb5 19. Ra2 Nd7 20. Rfa1 Qc8 21. Nc1 O-O 22.
Nb3 Nb6 23. Nc5 Bxc5 24. dxc5 Nc4 25. h3 Kg7 26. g3 Qc6 27. Kg2 d4 28. Bxd4
Rfd8 29. Re1 Ne7 30. Qe4 Qxe4 31. Rxe4 a5 32. Rxa5 Rxa5 33. bxa5 Nxa5 34. Re1
Nd5 35. Rb1 Rb8 36. Kf2 Nc6 37. Rb2 b4 38. cxb4 Rxb4 39. Rxb4 Ncxb4 40. Ke2 Kf8
41. Kd2 Ke7 42. Bc3 Nc6 43. Kd3 Kd7 44. Bd2 Nc7 45. Ng5 Ke7 46. Ne4 Nd5 47. Kc4
f6 48. exf6+ Nxf6 49. Nxf6 Kxf6 50. Kb5 Nd8 51. c6 Ke7 52. Bb4+ 1-0

[Event "Tatry Open 2014"]
[Site "Tatranske Zruby SVK"]
[Date "2014.10.05"]
[Round "9.33"]
[White "Milcova, Z."]
[Black "Privara, I."]
[Result "1/2-1/2"]
[WhiteElo "2027"]
[BlackElo "2205"]
[PlyCount "123"]
[EventDate "2014.09.28"]

1. e4 c5 2. c3 Nf6 3. e5 Nd5 4. Nf3 Nc6 5. Bc4 e6 6. O-O Be7 7. d4 cxd4 8. cxd4
d6 9. exd6 Qxd6 10. Nc3 Nxc3 11. bxc3 O-O 12. a4 b6 13. Re1 Bb7 14. Qd3 Rac8
15. Bg5 h6 16. Bd2 Na5 17. Ba2 Bd5 18. Bb1 f5 19. Ne5 Bf6 20. Bf4 Bxe5 21. Bxe5
Qc6 22. Qg3 Rf7 23. Ba2 Bxa2 24. Rxa2 Qxc3 25. Qxc3 Rxc3 26. d5 Rd3 27. dxe6
Re7 28. f4 Rxe6 29. Rc1 Nc6 30. a5 Nxe5 31. fxe5 Rxe5 32. axb6 axb6 33. Rc6 Rb3
34. h4 Re4 35. Ra8+ Kh7 36. Rf8 Rxh4 37. Rxf5 Rg4 38. Rf2 b5 39. Rb6 b4 40. Re2
Rf4 41. Rb7 Rb1+ 42. Kh2 Rg4 43. Rd2 Kg6 44. Rdd7 Kh7 45. Rd2 h5 46. Re2 Kh6
47. Rd2 h4 48. Rd6+ g6 49. Rd2 Rb3 50. Rb6 h3 51. gxh3 Rh4 52. Kg2 Rhxh3 53.
Rxb4 Rbg3+ 54. Kf2 g5 55. Rd7 Rf3+ 56. Kg2 Rhg3+ 57. Kh2 Rd3 58. Rxd3 Rxd3 59.
Kg2 Kh5 60. Ra4 g4 61. Ra8 Rd2+ 62. Kg3 1/2-1/2

[Event "Tatry Open 2014"]
[Site "Tatranske Zruby SVK"]
[Date "2014.10.05"]
[Round "9.34"]
[White "Yao, Lan"]
[Black "Rous, D."]
[Result "1/2-1/2"]
[WhiteElo "2015"]
[BlackElo "2188"]
[PlyCount "60"]
[EventDate "2014.09.28"]

1. e4 c5 2. Nf3 d6 3. d4 cxd4 4. Nxd4 Nf6 5. Nc3 a6 6. Be2 e6 7. O-O Be7 8. f4
Qc7 9. Kh1 O-O 10. Qe1 b5 11. Bf3 Bb7 12. e5 dxe5 13. fxe5 Nfd7 14. Qg3 Bxf3
15. Qxf3 Nb6 16. a4 bxa4 17. Nxa4 N8d7 18. Nxb6 Nxb6 19. Nc6 Bc5 20. b4 Nd5 21.
bxc5 Qxc6 22. Qh5 Ne7 23. Ra3 Qe4 24. Rh3 Ra7 25. Bg5 Nc6 26. Bf6 Ne7 27. Rg3
Ng6 28. Rh3 Ne7 29. Rg3 Ng6 30. Rh3 Ne7 1/2-1/2

[Event "Tatry Open 2014"]
[Site "Tatranske Zruby SVK"]
[Date "2014.10.05"]
[Round "9.35"]
[White "Klemanic, E."]
[Black "Hurtak, Otto"]
[Result "1-0"]
[WhiteElo "2160"]
[BlackElo "1995"]
[PlyCount "83"]
[EventDate "2014.09.28"]

1. e4 c5 2. Nc3 Nc6 3. g3 g6 4. Bg2 Bg7 5. d3 d6 6. f4 e6 7. Nf3 Nge7 8. O-O
O-O 9. Be3 Nd4 10. Rb1 Bd7 11. Ne2 Nec6 12. c3 Nxe2+ 13. Qxe2 Qa5 14. a3 Rac8
15. g4 f5 16. h3 b5 17. Qf2 b4 18. axb4 cxb4 19. exf5 exf5 20. Ra1 Qd8 21. Nd4
bxc3 22. Bd5+ Kh8 23. Bxc6 cxb2 24. Rxa7 Rxc6 25. Nxc6 Bxc6 26. Bd4 Rg8 27.
Qxb2 Bd7 28. g5 Qe7 29. Rc1 h6 30. gxh6 Bxd4+ 31. Qxd4+ Kh7 32. Rcc7 Rd8 33.
Qg7+ Qxg7 34. hxg7 Be8 35. Kf2 d5 36. d4 Kg8 37. Kg3 Rb8 38. Kh4 Rd8 39. Kg5
Rb8 40. h4 Rd8 41. Ra6 Bf7 42. Rf6 1-0

[Event "Tatry Open 2014"]
[Site "Tatranske Zruby SVK"]
[Date "2014.10.05"]
[Round "9.36"]
[White "Mosny, J."]
[Black "Barrish, Daniel"]
[Result "1/2-1/2"]
[WhiteElo "1998"]
[BlackElo "2144"]
[PlyCount "102"]
[EventDate "2014.09.28"]

1. d4 Nf6 2. Nf3 g6 3. g3 Bg7 4. Bg2 d5 5. O-O O-O 6. c4 dxc4 7. Nc3 Nfd7 8.
Bf4 c6 9. a4 a5 10. Qd2 Re8 11. Rfd1 Na6 12. d5 Nac5 13. dxc6 bxc6 14. Ne5 Bxe5
15. Bxe5 Qb6 16. Bd4 Qc7 17. Qh6 e5 18. Be3 Rb8 19. h4 Rxb2 20. h5 Rb3 21. Rac1
Ba6 22. Bh3 Re7 23. Bg5 f6 24. Be3 Rg7 25. Rxd7 Nxd7 26. Be6+ Kh8 27. Ne4 Nf8
28. Bh3 Bc8 29. Bxc8 Qxc8 30. Nxf6 Qe6 31. Bg5 gxh5 32. Rd1 Rb8 33. Qxh5 Qf5
34. Bh4 Qxh5 35. Nxh5 Rd7 36. Rc1 Ng6 37. Bg5 Rd4 38. e3 Rd2 39. Rxc4 Rb1+ 40.
Kg2 Rbb2 41. Rxc6 Rxf2+ 42. Kh3 Rh2+ 43. Kg4 Rb4+ 44. e4 Rb8 45. Bh6 Rg8 46.
Bg5 Ne7 47. Re6 Rg6 48. Rxe7 h6 49. Re8+ Kh7 50. Nf6+ Kg7 51. Re7+ Kf8 1/2-1/2

[Event "Tatry Open 2014"]
[Site "Tatranske Zruby SVK"]
[Date "2014.10.05"]
[Round "9.37"]
[White "Mrva, V."]
[Black "Paur, D."]
[Result "1-0"]
[WhiteElo "2138"]
[BlackElo "1982"]
[PlyCount "141"]
[EventDate "2014.09.28"]

1. e4 c5 2. Nf3 d6 3. Bb5+ Bd7 4. Bxd7+ Qxd7 5. c4 g6 6. d4 Bg7 7. Nc3 cxd4 8.
Nxd4 Nc6 9. Be3 Nf6 10. f3 O-O 11. O-O a6 12. a4 Qc7 13. b3 Rac8 14. Nde2 Rfd8
15. Rc1 e6 16. Qd2 Na5 17. Qa2 Nc6 18. Rfd1 Qa5 19. Qd2 Qb4 20. Rb1 Ne8 21. Na2
Qxd2 22. Rxd2 Rd7 23. Rbd1 Re7 24. Bg5 f6 25. Bf4 e5 26. Be3 f5 27. Nac3 Na5
28. Nd5 Re6 29. Rd3 Bf8 30. Bb6 Nc6 31. Ng3 f4 32. Ne2 g5 33. Nec3 h5 34. h3
Rg6 35. Kf2 Kf7 36. Rh1 Ne7 37. Nxe7 Bxe7 38. Ke2 Nc7 39. Bxc7 Rxc7 40. Nd5 Rc6
41. Rc3 Rg8 42. Kd3 Bd8 43. b4 Ke6 44. Rb3 Kd7 45. b5 axb5 46. axb5 Rc8 47. Ra3
Rg7 48. Ra7 Rb8 49. Kc3 Rf7 50. Kb4 Ke6 51. Rc1 Rc8 52. Rca1 Rd7 53. Ra8 Rxa8
54. Rxa8 Kf7 55. b6 Kg6 56. Kb5 g4 57. hxg4 hxg4 58. fxg4 Kg5 59. Ra3 Kxg4 60.
Rh3 Rf7 61. Rh8 Bg5 62. Rg8 f3 63. gxf3+ Rxf3 64. Rg7 Rb3+ 65. Ka4 Rb1 66. Rxb7
Kf3 67. Rf7+ Bf4 68. b7 Ra1+ 69. Kb5 Rb1+ 70. Kc6 Rb2 71. Nb6 1-0

[Event "Tatry Open 2014"]
[Site "Tatranske Zruby SVK"]
[Date "2014.10.05"]
[Round "9.38"]
[White "Socha, J."]
[Black "Vanka, M."]
[Result "1/2-1/2"]
[WhiteElo "1978"]
[BlackElo "2135"]
[PlyCount "114"]
[EventDate "2014.09.28"]

1. Nf3 Nf6 2. d4 e6 3. Bf4 b6 4. e3 Bb7 5. Bd3 c5 6. c3 Nc6 7. Nbd2 d5 8. h3
Bd6 9. Bxd6 Qxd6 10. Qe2 Rd8 11. O-O O-O 12. Rfe1 e5 13. dxe5 Nxe5 14. Nxe5
Qxe5 15. Nf3 Qh5 16. Nh2 Qe5 17. Nf3 Qc7 18. Qc2 Rfe8 19. Rad1 Re7 20. Be2 Bc6
21. b4 Rde8 22. bxc5 bxc5 23. Rb1 Qa5 24. Nd2 h6 25. Nb3 Qa4 26. Rb2 Qa3 27.
Rbb1 Ba4 28. Qc1 Qxc1 29. Rexc1 Rc7 30. Nd2 Rd8 31. Bb5 Bxb5 32. Rxb5 Ne4 33.
Rc2 Kf8 34. Kf1 Ke7 35. Ke2 Ke6 36. Nb3 Rdc8 37. Nd2 Nd6 38. Rb1 Rc6 39. Rb3
Ra6 40. Rb1 Rcc6 41. Rbb2 Ra4 42. f3 h5 43. g3 Rca6 44. Nb3 Rc6 45. Nd2 g5 46.
Kf2 h4 47. g4 f5 48. gxf5+ Kxf5 49. Rb8 Rca6 50. Rbb2 Ke6 51. Nb3 Rc6 52. Re2
Nc4 53. Rb1 Ra3 54. Rg1 Kf6 55. Rc2 Rc7 56. Rg4 Ne5 57. Rg1 Nc4 1/2-1/2